Werder Bremen Allgemeinwissen - Statistiken

Allgemein
  • Dieses Quiz wurde 163 mal gespielt
  • Das Durchschnittsergebnis liegt bei 7 aus 15
Antwortstatistiken
Frage Antwort % Korrekt
Gegen welchen Verein lag Werder Bremen in der Saison 2022/23 zur Halbzeit mit 0:6 zurück? Bayern München
78%
Wie viele Jahre spielte Werder Bremen insgesamt in der 2. Bundesliga? 2 Jahre
73%
In welchem Jahr schied Werder Bremen in der Europa League bereits in der Gruppenphase aus, obwohl sie als Favorit galten? 2010
72%
In welchem Jahr stieg Werder Bremen zum ersten Mal in der Vereinsgeschichte aus der Bundesliga ab? 1979/80
71%
In welcher Saison stand Werder Bremen erstmals in der Bundesliga-Tabelle nach Abschluss der Hinrunde auf dem letzten Platz? 1979/80
60%
Welcher ehemalige Torwart von Werder Bremen sorgte 2009 mit einem kuriosen Eigentor gegen Eintracht Frankfurt für Schlagzeilen? Tim Wiese
58%
Bei welchem Spiel kam es 1999 zu einem Skandal, als Fans von Werder Bremen nach dem Schlusspfiff den Platz stürmten? Gegen den HSV
48%
Gegen welchen Verein aus der Regionalliga schied Werder Bremen 2011 in der ersten Runde des DFB-Pokals aus? Sportfreunde Lotte
46%
Wie viele Bundesliga-Spiele in Folge blieb Werder Bremen in der Saison 2019/20 sieglos? 13
44%
Wie hoch verlor Werder Bremen das Bundesliga-Heimspiel gegen den FC Bayern München in der Saison 2020/21? 1:6
34%
Wie viele Spiele in Folge blieb Werder Bremen in der Bundesliga-Saison 2020/21 ohne eigenes Tor, was einen Vereins-Negativrekord darstellt? 9
29%
Mit welchem Ergebnis erlitt Werder Bremen 1981 seine höchste Bundesliga-Niederlage? 0:8
22%
Welcher Torwart verursachte 2015 durch einen Ausrutscher das schnellste Eigentor in Werders Bundesliga-Geschichte? Sebastian Mielitz
20%
Gegen welchen Verein kassierte Werder Bremen 2008 in einem Spiel drei Platzverweise? Hannover 96
18%
Wie viele Punkte holte Werder Bremen in der katastrophalen Bundesliga-Saison 1979/80? 12
6%
Keine übereinstimmenden Quizze gefunden
Verteilung der Resultate
Anzahl Personen mit jedem Resultat
Perzentil nach korrekt beantworteten Fragen
Ihre Resultats-Entwicklung
Sie haben dieses Quiz noch nicht gespielt